000 01162cam a22002651ia4500
003 SA-RiAUC
005 20250307135845.0
008 250201q19001999ua g b 001r0 ara c
040 _aSA-JeALM
_bara
_cSA-RiAUC
_erda
082 0 4 _a227.32
_qSA-RiAUC
090 _aن 227.32
_b ا ل و
100 1 _aالآلوسي، محمود شكري بن عبد الله،
_d1273-1342 هجري
_eمؤلف.
245 1 0 _aروح المعاني في تفسير القرآن العظيم والسبع المثاني /
_cأبي الفضل شهاب الدين السيد محمود الآلوسي البغدادي.
246 3 0 _aالسبع المثاني
246 3 0 _aتفسير القرآن العظيم
264 1 _aالقاهرة :
_bإدارة الطباعة المنيرية،
_bالورثة.
_c[بين 1920 و1929]
300 _a30 مجلد ؛
_c28 سم
337 _aبدون وسيط
_bn
_2rdamedia
338 _aمجلد
_bnc
_2rdacarrier
630 2 7 _aالقرآن
_xتفاسير حديثة
_2aucut
630 2 7 _aالقرآن
_xتفاسير بالرأي
_2aucut
730 2 2 _aالقرآن
942 _2ddc
_cRARE BOOK
_n0
949 _aSA-JeALM
_d250201
_uosman123
_n1
999 _c5485
_d5485